00730 2200253 4500001002100000005001500021035002000036007000300056008004100059020002200100082001000122084001600132100001900148245010500167250001000272260004000282300003500322650002600357700002300383700001700406504003100423990001100454990001100465INLIS00000000000425120191017112220 a0010-1019000103ta191017 g 0 ind  a978-602-446-181-2 a302.2 a302.2 DED m0 aDEDDY, Mulyana1 aMembongkar Budaya Komunikasi /cDeddy Mulyana, Islaminur Pempasa, Rahim Asyik; editor, Pipih Latifah acet.1 aBandung :bRemaja Rosdakarya,c2017 ax, 325 hlm. :bilus. ;c24 cm. 4aSOSIOLOGI. KOMUNIKASI0 aISLAMINUR, Pempasa0 aRAHIM, Asyik aBibliografi : hlm. 321-325 a6961 a a6961 b